All U.S. States by Population - Statistics

General Stats
  • This quiz has been taken 68 times
  • The average score is 31 of 50
Answer Stats
Rank Population U.S. State % Correct
1 38,904,329 California
100%
2 30,553,911 Texas
98%
3 22,715,125 Florida
90%
4 19,608,392 New York
90%
6 12,509,433 Illinois
83%
50 585,279 Wyoming
83%
7 11,755,204 Ohio
80%
5 12,935,276 Pennsylvania
80%
8 11,079,572 Georgia
78%
9 10,857,391 North Carolina
78%
48 740,998 Alaska
76%
49 648,009 Vermont
73%
10 10,034,954 Michigan
71%
11 9,422,775 New Jersey
71%
12 8,844,287 Virginia
71%
47 828,776 North Dakota
68%
46 950,225 South Dakota
68%
13 8,005,399 Washington
68%
16 7,007,732 Massachusetts
66%
41 1,442,387 New Hampshire
66%
14 7,604,294 Arizona
63%
43 1,205,757 Montana
63%
20 6,025,557 Colorado
61%
17 6,899,335 Indiana
61%
18 6,375,928 Missouri
61%
37 2,003,118 Idaho
59%
44 1,098,223 Rhode Island
59%
15 7,201,783 Tennessee
59%
45 1,067,334 Delaware
56%
42 1,428,117 Maine
56%
21 5,961,553 Wisconsin
56%
40 1,453,887 Hawaii
54%
32 3,277,199 Iowa
54%
22 5,743,298 Minnesota
54%
30 3,551,782 Utah
54%
25 4,675,223 Louisiana
51%
19 6,200,076 Maryland
51%
38 1,988,373 Nebraska
51%
24 5,223,934 Alabama
49%
33 3,088,545 Arkansas
49%
28 4,100,002 Oklahoma
49%
23 5,447,100 South Carolina
49%
39 1,757,229 West Virginia
49%
29 3,705,283 Connecticut
46%
34 3,020,116 Kansas
46%
36 2,150,008 New Mexico
46%
27 4,339,077 Oregon
46%
26 4,588,216 Kentucky
44%
35 2,936,152 Mississippi
44%
31 3,357,115 Nevada
44%
No matching quizzes found
Score Distribution
Percent of People with Each Score
Percentile by Number Answered
Your Score History
You have not taken this quiz